| 000 -CABECERA |
| fixed length control field |
00839nam a22002057a 4500 |
| 003 - IDENTIFICADOR DEL NÚMERO DE CONTROL |
| control field |
AR-CdUCM |
| 008 - DATOS DE LONGITUD FIJA--INFORMACIÓN GENERAL |
| fixed length control field |
190405b ||||| |||| 00| 0 spa d |
| 040 ## - FUENTE DE LA CATALOGACIÓN |
| Agencia/entidad que catalogó originalmente la obra |
MUNICIPALIDAD PROVINCIAL DEL CUSCO |
| Entidad que transcribió la catalogación |
BIBLIOTECA MUNICIPAL DEL CUSCO |
| 082 ## - NÚMERO DE LA CLASIFICACIÓN DECIMAL DEWEY |
| No. de la edición |
2ed. |
| No. de Clasificación |
100 / |
| Notacion interna |
G71 / 1876 |
| 100 ## - ENTRADA PRINCIPAL--NOMBRE DE PERSONA |
| Nombre Personal |
Gonzales, Zeferino |
| 245 ## - MENCIÓN DE TÍTULO |
| Título |
Filosofía elemental / |
| 260 ## - PUBLICACIÓN, DISTRIBUCIÓN, ETC. |
| Lugar de publicación, distribución, etc. |
Madrid : |
| Nombre de la editorial, distribuidor, etc. |
Imprenta de Policarpo Lopez, |
| Fecha de publicación, distribución, etc. |
1876. |
| 300 ## - DESCRIPCIÓN FÍSICA |
| Nº de Páginas Extensión |
646 paginas ; |
| Dimensiones |
21 cm. |
| 505 ## - NOTA DE CONTENIDO CON FORMATO |
| Nota de contenido formateada |
Contenido : t.2 : Idea general de la metafísica, su nombre su origen del mismo -- Objeto, división y nombres de la metafísica -- Del ente y sus divisiones -- El acto y la potencia -- La esencia y la existencia... |
| 650 ## - PUNTO DE ACCESO ADICIONAL DE MATERIA--TÉRMINO DE MATERIA |
| Descriptor |
Filosofía |
| 9 (RLIN) |
395 |
| 650 ## - PUNTO DE ACCESO ADICIONAL DE MATERIA--TÉRMINO DE MATERIA |
| Descriptor |
Existencia de Dios |
| 9 (RLIN) |
29397 |
| 650 ## - PUNTO DE ACCESO ADICIONAL DE MATERIA--TÉRMINO DE MATERIA |
| Descriptor |
Esencia divina |
| 9 (RLIN) |
29398 |
| 942 ## - ELEMENTOS DE PUNTO DE ACCESO ADICIONAL (KOHA) |
| Fuente de clasificación |
|
| Tipo de item |
Libros-BMC |
| 945 ## - PROCESAMIENTO DE INFORMACIÓN LOCAL (OCLC) |
| Catalogador |
wnts |
| AAAA-MM-DD - Fecha de ingreso o modificacion |
2019-04-05 |